[Event "Hessenliga 1819"]
[Site "Hessen"]
[Date "2019.03.11"]
[Round "7.4"]
[White "Rudolph, Peter"]
[Black "Bosbach, Gerhard"]
[Result "1/2-1/2"]
[WhiteElo "2120"]
[BlackElo "2129"]
[PlyCount "82"]
[EventDate "2018.09.23"]
[EventType "team-tourn"]
[EventRounds "9"]
[EventCountry "GER"]
[SourceTitle "EXT 2020"]
[Source "ChessBase"]
[SourceDate "2019.10.17"]
[SourceVersion "1"]
[SourceVersionDate "2019.10.17"]
[SourceQuality "1"]
[WhiteTeam "Giessen"]
[BlackTeam "Bensheim"]
[WhiteTeamCountry "GER"]
[BlackTeamCountry "GER"]

1. e4 c5 2. Nf3 Nc6 3. Nc3 e6 4. d4 cxd4 5. Nxd4 Qc7 6. f4 a6 7. Nxc6 bxc6 8. Bd3 d5 9. Qf3 Nf6 10. 0-0 Be7 11. Kh1 0-0 12. e5 Nd7 13. Qh3 f5 14. Na4 Rf7 15. g4 Nf8 16. gxf5 exf5 17. Bd2 g6 18. Be2 Ne6 19. c4 Nd4 20. Bd3 Be6 21. Rac1 c5 22. b3 Rd8 23. Be3 g5 24. Bxd4 cxd4 25. fxg5 dxc4 26. Bxc4 Bxc4 27. Rxc4 Qxe5 28. Qf3 Qe3 29. Nb2 Qxf3+ 30. Rxf3 Bxg5 31. Rc5 Rdf8 32. Nd3 Be3 33. Nf4 Rg7 34. h3 Rg1+ 35. Kh2 Rc1 36. Rxc1 Bxc1 37. Ne6 Rc8 38. Nxd4 f4 39. Ne6 Rc2+ 40. Kh1 Rxa2 41. Nxf4 Bxf4 1/2-1/2

[Event "Heusenstamm Sparkassen op-A 5th"]
[Site "Heusenstamm"]
[Date "2018.11.23"]
[Round "3"]
[White "Hinrichs, Paul"]
[Black "Rudolph, Peter"]
[Result "1/2-1/2"]
[WhiteElo "1907"]
[BlackElo "2120"]
[PlyCount "45"]
[EventDate "2018.11.22"]
[EventType "swiss"]
[EventRounds "7"]
[EventCountry "GER"]
[SourceTitle "CBM 188 Extra"]
[Source "ChessBase"]
[SourceDate "2019.02.26"]
[SourceVersion "1"]
[SourceVersionDate "2019.02.26"]
[SourceQuality "1"]

1. d4 Nf6 2. c4 e6 3. Nc3 d5 4. cxd5 exd5 5. Bg5 c6 6. e3 Be7 7. Bd3 Ne4 8. Bxe7 Qxe7 9. Qc2 Nxc3 10. bxc3 g6 11. Nf3 Nd7 12. 0-0 0-0 13. a4 Nf6 14. c4 dxc4 15. Bxc4 Be6 16. Rab1 Nd5 17. Bxd5 Bxd5 18. Qc5 Rfe8 19. Qxe7 Rxe7 20. Rb4 b6 21. Rc1 Rc8 22. Nd2 f5 23. Rb2 1/2-1/2

[Event "Heusenstamm Sparkassen op-A 5th"]
[Site "Heusenstamm"]
[Date "2018.11.23"]
[Round "2"]
[White "Rudolph, Peter"]
[Black "Nikolov, Momchil"]
[Result "0-1"]
[WhiteElo "2120"]
[BlackElo "2560"]
[PlyCount "46"]
[EventDate "2018.11.22"]
[EventType "swiss"]
[EventRounds "7"]
[EventCountry "GER"]
[SourceTitle "CBM 188 Extra"]
[Source "ChessBase"]
[SourceDate "2019.02.26"]
[SourceVersion "1"]
[SourceVersionDate "2019.02.26"]
[SourceQuality "1"]

1. d4 Nf6 2. g3 c5 3. d5 e6 4. c4 exd5 5. cxd5 d6 6. Nc3 g6 7. Bg2 Bg7 8. Nh3 Bxh3 9. Bxh3 0-0 10. 0-0 Re8 11. a4 Na6 12. Bg2 Nb4 13. Ra3 a6 14. a5 Nd7 15. f4 b5 16. e4 c4 17. Na2 Nd3 18. Rxd3 cxd3 19. b4 Qf6 20. Be3 Qb2 21. Rf2 Qa1 22. Nc1 Rac8 23. Qxd3 Rc3 0-1

[Event "Hessenliga 1718"]
[Site "Hessen"]
[Date "2018.04.15"]
[Round "9.5"]
[White "Rudolph, Peter"]
[Black "Rothenbacher, Jochen"]
[Result "1-0"]
[WhiteElo "2095"]
[BlackElo "2138"]
[PlyCount "65"]
[EventDate "2017.09.17"]
[EventType "team-tourn"]
[EventRounds "9"]
[EventCountry "GER"]
[SourceTitle "CBM 189 Extra"]
[Source "ChessBase"]
[SourceDate "2019.06.03"]
[SourceVersion "1"]
[SourceVersionDate "2019.06.03"]
[SourceQuality "1"]
[WhiteTeam "Giessen"]
[BlackTeam "Bad Nauheim"]
[WhiteTeamCountry "GER"]
[BlackTeamCountry "GER"]

1. d4 d6 2. Nc3 e5 3. e4 Nf6 4. d5 c6 5. f3 Qb6 6. Nge2 Be7 7. b3 0-0 8. Bg5 h6 9. Na4 Qc7 10. Be3 b5 11. Nb2 cxd5 12. exd5 Bb7 13. c4 bxc4 14. bxc4 Nbd7 15. Nc3 Nc5 16. Be2 Nfd7 17. Qd2 f5 18. 0-0 Ba6 19. Nb5 Bxb5 20. cxb5 Bf6 21. Rac1 Qb7 22. Nc4 Qxb5 23. Nxd6 Qb8 24. Nxf5 Rc8 25. d6 Ne6 26. Qd5 Re8 27. Ne7+ Kf7 28. Bc4 Ndf8 29. Rb1 Qd8 30. Rb7 Bxe7 31. dxe7 Rxe7 32. Rxe7+ Qxe7 33. Qxa8 1-0

[Event "Hessenliga 1718"]
[Site "Hessen"]
[Date "2018.03.11"]
[Round "8.5"]
[White "Schnegelberger, Leon"]
[Black "Rudolph, Peter"]
[Result "0-1"]
[WhiteElo "1894"]
[BlackElo "2095"]
[PlyCount "106"]
[EventDate "2017.09.17"]
[EventType "team-tourn"]
[EventRounds "9"]
[EventCountry "GER"]
[SourceTitle "CBM 189 Extra"]
[Source "ChessBase"]
[SourceDate "2019.06.03"]
[SourceVersion "1"]
[SourceVersionDate "2019.06.03"]
[SourceQuality "1"]
[WhiteTeam "Kassel II"]
[BlackTeam "Giessen"]
[WhiteTeamCountry "GER"]
[BlackTeamCountry "GER"]

1. d4 c5 2. dxc5 e6 3. Be3 Na6 4. g3 Nxc5 5. Bg2 Nf6 6. c4 Be7 7. Nc3 0-0 8. b4 Na6 9. a3 Nc7 10. Qb3 Ng4 11. Bd2 d5 12. cxd5 exd5 13. Nxd5 Be6 14. Nxe7+ Qxe7 15. Qb2 Bd5 16. Nf3 Rfe8 17. e3 Bc4 18. h3 Nf6 19. Rc1 b5 20. Ne5 Qxe5 21. Qxe5 Rxe5 22. Bxa8 Nxa8 23. Bc3 Re8 24. Bxf6 gxf6 25. Kd2 Nb6 26. Kc2 Rc8 27. Kb2 Na4+ 28. Ka1 a5 29. Rhd1 axb4 30. axb4 Ra8 31. Rd6 Nc5+ 32. Kb1 Nd3 33. Rf1 Kg7 34. f4 Ra4 35. f5 Rxb4+ 36. Kc2 Rb2+ 37. Kc3 Rb3+ 38. Kd4 Nb4 39. Rf4 Nc2+ 40. Kc5 h5 41. Rh4 Rxe3 42. g4 hxg4 43. Rxg4+ Kf8 44. Rh4 Ke7 45. Rh8 Re5+ 46. Kc6 Nb4+ 47. Kc7 Rd5 48. Rb6 Rc5+ 49. Kb8 Nc6+ 50. Kb7 Bd5 51. Ka6 b4 52. h4 Ra5+ 53. Kb7 Ra7+ 0-1

[Event "Hessenliga 1718"]
[Site "Hessen"]
[Date "2017.11.19"]
[Round "3.6"]
[White "Rudolph, Peter"]
[Black "Bahlke, Wolfgang"]
[Result "1/2-1/2"]
[WhiteElo "2095"]
[BlackElo "2141"]
[PlyCount "153"]
[EventDate "2017.09.17"]
[EventType "team-tourn"]
[EventRounds "9"]
[EventCountry "GER"]
[SourceTitle "CBM 189 Extra"]
[Source "ChessBase"]
[SourceDate "2019.06.03"]
[SourceVersion "1"]
[SourceVersionDate "2019.06.03"]
[SourceQuality "1"]
[WhiteTeam "Giessen"]
[BlackTeam "Dettingen"]
[WhiteTeamCountry "GER"]
[BlackTeamCountry "GER"]

1. e4 c5 2. Nf3 e6 3. d4 cxd4 4. Nxd4 Nf6 5. Bd3 Nc6 6. Be3 d5 7. Nxc6 bxc6 8. e5 Nd7 9. f4 Bc5 10. Bxc5 Nxc5 11. Nd2 Nxd3+ 12. cxd3 Qb6 13. Ke2 0-0 14. Qc2 f6 15. Nf3 fxe5 16. fxe5 Ba6 17. Rac1 Rac8 18. Qc5 Qxb2+ 19. Rc2 Qb8 20. Rhc1 Rxf3 21. gxf3 Qxe5+ 22. Qe3 Qxh2+ 23. Qf2 Qb8 24. Qe3 Qh2+ 25. Qf2 Qxf2+ 26. Kxf2 Bxd3 27. Rxc6 Rxc6 28. Rxc6 a6 29. Rxe6 Kf7 30. Rd6 Bc4 31. a3 Ke7 32. Rb6 Kf7 33. Ke3 g5 34. Kf2 Kg7 35. Rd6 h5 36. Kg3 Kh7 37. f4 gxf4+ 38. Kxf4 Kg7 39. Kg5 Kf7 40. Kxh5 Ke7 41. Rb6 Kd7 42. Kg5 Kc7 43. Rf6 Bb5 44. Kf4 d4 45. a4 Bxa4 46. Ke4 Bb5 47. Kxd4 Kd7 48. Kd5 Ke7 49. Rb6 Kf7 50. Ke5 Kg7 51. Rf6 Bd3 52. Ke6 a5 53. Rf7+ Kg6 54. Ra7 Bc4+ 55. Ke5 a4 56. Rxa4 Bb3 57. Ra6+ Kg7 58. Rf6 Bc2 59. Ke6 Bb3+ 60. Ke7 Bc4 61. Rf4 Bd3 62. Rg4+ Kh8 63. Kf7 Bc2 64. Rh4+ Bh7 65. Kf6 Kg8 66. Rc4 Kh8 67. Rc7 Bg8 68. Kg6 Bb3 69. Rh7+ Kg8 70. Rc7 Kh8 71. Rc3 Ba2 72. Rc8+ Bg8 73. Kf6 Kh7 74. Rc7+ Kh8 75. Kg6 Bb3 76. Rc8+ Bg8 77. Kh6 1/2-1/2

[Event "Hessenliga 1718"]
[Site "Hessen"]
[Date "2017.09.17"]
[Round "1.6"]
[White "Drill, Frank J"]
[Black "Rudolph, Peter"]
[Result "0-1"]
[WhiteElo "2014"]
[BlackElo "2095"]
[PlyCount "62"]
[EventDate "2017.09.17"]
[EventType "team-tourn"]
[EventRounds "9"]
[EventCountry "GER"]
[SourceTitle "CBM 189 Extra"]
[Source "ChessBase"]
[SourceDate "2019.06.03"]
[SourceVersion "1"]
[SourceVersionDate "2019.06.03"]
[SourceQuality "1"]
[WhiteTeam "Neuberg II"]
[BlackTeam "Giessen"]
[WhiteTeamCountry "GER"]
[BlackTeamCountry "GER"]

1. e4 c5 2. Nf3 Nc6 3. b4 cxb4 4. d4 d5 5. exd5 Qxd5 6. c4 bxc3 7. Nxc3 Qa5 8. Bd2 e6 9. Rb1 Nf6 10. Bd3 Be7 11. 0-0 Qd8 12. Qa4 0-0 13. Rfe1 a6 14. Re3 Bd7 15. Qd1 Nb4 16. Ne5 Nxd3 17. Rxd3 Bc6 18. Nxc6 bxc6 19. Qa4 Qc7 20. Ne2 Nd5 21. Rdb3 Rfb8 22. Rxb8+ Rxb8 23. Rc1 Qd7 24. Qxa6 Qb7 25. Qd3 Qb2 26. a4 Qa2 27. a5 Rb2 28. Rd1 Rb3 29. Qc4 Rb1 30. Qxa2 Rxd1+ 31. Be1 Rxe1# 0-1

[Event "Oberliga Ost-B 1415"]
[Site "Germany"]
[Date "2015.04.11"]
[Round "10.6"]
[White "Duchrow, Oliver"]
[Black "Rudolph, Peter"]
[Result "1-0"]
[WhiteElo "2113"]
[BlackElo "2092"]
[PlyCount "85"]
[EventDate "2014.09.21"]
[EventType "team-tourn"]
[EventRounds "11"]
[EventCountry "GER"]
[SourceTitle "EXT 2016"]
[Source "ChessBase"]
[SourceDate "2015.10.08"]
[SourceVersion "1"]
[SourceVersionDate "2015.10.08"]
[SourceQuality "1"]
[WhiteTeam "Sangerhausen"]
[BlackTeam "Giessen"]
[WhiteTeamCountry "GER"]
[BlackTeamCountry "GER"]

1. e4 e6 2. d4 d5 3. Nc3 dxe4 4. Nxe4 Be7 5. Nf3 Nf6 6. Nxf6+ Bxf6 7. c3 b6 8. Bd3 Bb7 9. Bf4 Nd7 10. Qc2 h6 11. 0-0-0 g5 12. Bg3 Bg7 13. h4 g4 14. Ne5 Nxe5 15. dxe5 Qd5 16. Ba6 Qc6 17. Bxb7 Qxb7 18. Qa4+ Kf8 19. Rd7 h5 20. f3 Kg8 21. Rhd1 gxf3 22. gxf3 Qxf3 23. Bf4 Bxe5 24. Bxe5 Qe3+ 25. Kb1 Qxe5 26. Rg1+ Kf8 27. Rf1 Rh7 28. Qc6 Re8 29. Rxc7 Qd5 30. Qxd5 exd5 31. Rxa7 Re7 32. Ra8+ Re8 33. Rxe8+ Kxe8 34. Rf6 Ke7 35. Rxb6 Rg7 36. Rh6 Rg2 37. Rxh5 Ke6 38. Rh8 Ke5 39. h5 f5 40. h6 Kf4 41. h7 Rh2 42. a4 Kf3 43. a5 1-0

[Event "Karl Mala Memorial op-A 16th"]
[Site "Frankfurt"]
[Date "2013.07.13"]
[Round "5"]
[White "Schaefer, Annabelle"]
[Black "Rudolph, Peter"]
[Result "1-0"]
[WhiteElo "1957"]
[BlackElo "2104"]
[PlyCount "125"]
[EventDate "2013.07.11"]
[EventType "swiss"]
[EventRounds "7"]
[EventCountry "GER"]
[SourceTitle "EXT 2014"]
[Source "ChessBase"]
[SourceDate "2013.11.20"]
[SourceVersion "1"]
[SourceVersionDate "2013.11.20"]
[SourceQuality "1"]

1. e4 c5 2. Nc3 Nc6 3. Bb5 Nd4 4. Bc4 e6 5. Nge2 Ne7 6. Nxd4 cxd4 7. Ne2 Nc6 8. d3 Qb6 9. 0-0 Na5 10. Bb3 Be7 11. f4 Nxb3 12. axb3 d6 13. Ng3 Bd7 14. Qg4 g6 15. f5 0-0-0 16. f6 e5 17. Qd1 Bf8 18. Bd2 Re8 19. Kh1 Kb8 20. c3 h5 21. Ne2 Bh6 22. cxd4 Bxd2 23. Qxd2 d5 24. dxe5 dxe4 25. d4 Bb5 26. Rfe1 Rd8 27. Rad1 Bd3 28. Qe3 Rd7 29. Nc1 Qxd4 30. Qf4 Ka8 31. Nxd3 exd3 32. Qxd4 Rxd4 33. Kg1 Kb8 34. e6 fxe6 35. Rxe6 Rf8 36. g3 Rd5 37. Rd2 Kc7 38. Re7+ Kc6 39. f7 a6 40. Re6+ Kc5 41. Re7 Kd4 42. Rf2 Rf5 43. Rxb7 Ke3 44. Re7+ Kd4 45. Rxf5 gxf5 46. Kf2 a5 47. Kf3 Kd5 48. Ke3 Kd6 49. Ra7 Rb8 50. Rxa5 Ke6 51. Kxd3 Rxb3+ 52. Kc4 Rb8 53. Ra7 h4 54. gxh4 f4 55. Kd3 f3 56. Rb7 f2 57. Ke2 Rxb7 58. f8Q Rxb2+ 59. Ke3 f1Q 60. Qxf1 Rxh2 61. Qf4 Rb2 62. Qc4+ Kf5 63. Qe4+ 1-0

[Event "Oberliga Ost-B 1112"]
[Site "Germany"]
[Date "2012.01.14"]
[Round "6.7"]
[White "Rudolph, Peter"]
[Black "Rieseler, Caroline"]
[Result "1/2-1/2"]
[WhiteElo "2126"]
[BlackElo "2071"]
[PlyCount "91"]
[EventDate "2011.10.02"]
[EventType "team-tourn"]
[EventRounds "11"]
[EventCountry "GER"]
[SourceTitle "EXT 2013"]
[Source "ChessBase"]
[SourceDate "2012.11.22"]
[SourceVersion "1"]
[SourceVersionDate "2012.11.22"]
[SourceQuality "1"]
[WhiteTeam "Giessen"]
[BlackTeam "Steinbach"]
[WhiteTeamCountry "GER"]
[BlackTeamCountry "GER"]

1. c4 Nf6 2. Nc3 d5 3. d4 g6 4. Bg5 Ne4 5. Bf4 Nxc3 6. bxc3 dxc4 7. Qa4+ c6 8. Qxc4 Bg7 9. Nf3 0-0 10. Qb3 Qb6 11. e3 Be6 12. Bc4 Bxc4 13. Qxc4 Qa6 14. Qxa6 Nxa6 15. Rb1 b6 16. Ke2 Rfe8 17. Rb3 f6 18. Ra3 Nb8 19. Bxb8 Rexb8 20. Ra6 Kf7 21. Rb1 Ke8 22. Ne1 Kd7 23. Nd3 e6 24. a4 Bf8 25. a5 Kc7 26. axb6+ axb6 27. Rba1 Rxa6 28. Rxa6 Kb7 29. Ra1 Bd6 30. h3 Ra8 31. Rxa8 Kxa8 32. c4 Kb7 33. Kd2 Kc8 34. c5 bxc5 35. dxc5 Bc7 36. Kc3 Ba5+ 37. Kc4 Kd7 38. e4 Bc7 39. f4 Ba5 40. g4 Bd2 41. e5 f5 42. g5 Kc7 43. Kb3 Kb7 44. Ka3 Ka6 45. Ka4 Kb7 46. Kb3 1/2-1/2

[Event "Oberliga Ost-B 1112"]
[Site "Germany"]
[Date "2011.11.20"]
[Round "4.8"]
[White "Vieweg, Klaus"]
[Black "Rudolph, Peter"]
[Result "1/2-1/2"]
[WhiteElo "2099"]
[BlackElo "2126"]
[PlyCount "25"]
[EventDate "2011.10.02"]
[EventType "team-tourn"]
[EventRounds "11"]
[EventCountry "GER"]
[SourceTitle "EXT 2013"]
[Source "ChessBase"]
[SourceDate "2012.11.22"]
[SourceVersion "1"]
[SourceVersionDate "2012.11.22"]
[SourceQuality "1"]
[WhiteTeam "Jena Schott"]
[BlackTeam "Giessen"]
[WhiteTeamCountry "GER"]
[BlackTeamCountry "GER"]

1. Nf3 d5 2. c4 e6 3. g3 Nf6 4. Bg2 Be7 5. 0-0 0-0 6. d4 c6 7. Nc3 Nbd7 8. b3 b6 9. Qc2 Ba6 10. Rd1 Rc8 11. Nd2 b5 12. e4 Nb6 13. c5 1/2-1/2

[Event "Oberliga Ost-B 1011"]
[Site "Germany"]
[Date "2010.10.24"]
[Round "1.8"]
[White "Rudolph, Peter"]
[Black "Waffenschmidt, Joachim"]
[Result "1-0"]
[WhiteElo "2115"]
[BlackElo "2048"]
[PlyCount "139"]
[EventDate "2010.10.24"]
[EventType "team-tourn"]
[EventRounds "11"]
[EventCountry "GER"]
[SourceTitle "EXT 2012"]
[Source "ChessBase"]
[SourceDate "2011.11.24"]
[SourceVersion "1"]
[SourceVersionDate "2011.11.24"]
[SourceQuality "1"]
[WhiteTeam "Giessen"]
[BlackTeam "Frankfurt BvK"]
[WhiteTeamCountry "GER"]
[BlackTeamCountry "GER"]

1. e4 d5 2. e5 c5 3. f4 Nc6 4. Nf3 Bg4 5. Bb5 e6 6. Bxc6+ bxc6 7. 0-0 g6 8. d3 Bg7 9. Qe1 Bxf3 10. Rxf3 Ne7 11. Nc3 Nf5 12. Na4 Qe7 13. c3 0-0 14. g4 Nh4 15. Rh3 g5 16. Be3 d4 17. cxd4 cxd4 18. Bxd4 Qd7 19. Qe4 Rfd8 20. Bc3 Qd5 21. Qxd5 Rxd5 22. fxg5 Ng6 23. d4 Bf8 24. b4 Be7 25. Nc5 Nf4 26. Re3 Bxg5 27. Re4 Ng6 28. Rf1 Be7 29. Re2 a5 30. bxa5 Bxc5 31. dxc5 Rxc5 32. Rf3 Rd5 33. Re4 Rad8 34. a6 Ra8 35. Ra4 Nxe5 36. Bxe5 Rxe5 37. Rc3 c5 38. a7 Rd5 39. Rb3 Rdd8 40. Rb7 Rdc8 41. Rc4 Kg7 42. Kf2 Kg6 43. h4 h5 44. gxh5+ Kxh5 45. Rxf7 Rc6 46. Ra4 c4 47. Ke2 c3 48. Kd1 c2+ 49. Kc1 Rd8 50. Rf1 Ra8 51. Re1 Rc7 52. Re5+ Kh6 53. Rxe6+ Kh5 54. Re5+ Kh6 55. Ra6+ Kh7 56. Re2 Raxa7 57. Rxa7 Rxa7 58. Rxc2 Kh6 59. Kb2 Ra4 60. Rh2 Kh5 61. Kb3 Ra8 62. a4 Rb8+ 63. Kc4 Rc8+ 64. Kb5 Rb8+ 65. Kc6 Ra8 66. Ra2 Kxh4 67. a5 Ra6+ 68. Kb7 Rf6 69. Rc2 Rf1 70. Rc6 1-0

[Event "Giessen op"]
[Site "Giessen"]
[Date "2009.??.??"]
[Round "5"]
[White "Henrich, Thomas"]
[Black "Rudolph, Peter"]
[Result "1/2-1/2"]
[WhiteElo "2195"]
[BlackElo "2135"]
[PlyCount "82"]
[EventDate "2009.??.??"]
[EventType "swiss"]
[EventRounds "7"]
[EventCountry "GER"]
[SourceTitle "EXT 2011"]
[Source "ChessBase"]
[SourceDate "2010.11.26"]
[SourceVersion "1"]
[SourceVersionDate "2010.11.26"]
[SourceQuality "1"]

1. e4 e6 2. d4 b6 3. Bd3 Bb7 4. Nf3 Nf6 5. Qe2 Be7 6. c4 d5 7. cxd5 exd5 8. e5 Ne4 9. 0-0 Nd7 10. Nc3 Nxc3 11. bxc3 Nf8 12. Ne1 Qd7 13. f4 0-0-0 14. a4 a5 15. f5 f6 16. e6 Qe8 17. Bb5 Bc6 18. Ba6+ Kb8 19. Bf4 g6 20. Rb1 Rd6 21. Bxd6 Bxd6 22. Bb5 gxf5 23. Rxf5 Nxe6 24. Rxd5 Nf4 25. Qxe8+ Bxe8 26. Rf5 Bg6 27. Rxf4 Bxf4 28. Rb2 Kb7 29. Re2 c6 30. Re7+ Bc7 31. Bd3 Re8 32. Rxe8 Bxe8 33. Bxh7 Bf4 34. Nf3 Bh5 35. Be4 Bxf3 36. gxf3 Bd2 37. c4 Be3+ 38. Kg2 Bxd4 39. f4 Kc7 40. h4 Kd6 41. Bf5 Ke7 1/2-1/2

[Event "Giessen-ch"]
[Site "Giessen"]
[Date "2008.05.09"]
[Round "7"]
[White "Rudolph, Peter"]
[Black "Stripling, Valentin"]
[Result "1-0"]
[WhiteElo "2172"]
[BlackElo "1544"]
[PlyCount "43"]
[EventDate "2008.02.01"]
[EventType "swiss"]
[EventRounds "7"]
[EventCountry "GER"]
[SourceTitle "EXT 2010"]
[Source "ChessBase"]
[SourceDate "2010.11.25"]
[SourceVersion "1"]
[SourceVersionDate "2010.11.25"]
[SourceQuality "1"]

1. e4 e6 2. d3 d5 3. Nd2 b6 4. Ngf3 Bb7 5. g3 dxe4 6. dxe4 Nd7 7. Bg2 e5 8. 0-0 Bd6 9. Nc4 Qe7 10. Nxd6+ Qxd6 11. Qe2 Ngf6 12. Nh4 0-0 13. Nf5 Qe6 14. f3 a5 15. Re1 Ba6 16. Qf2 Kh8 17. g4 g6 18. Ng3 Rfd8 19. h4 Nxg4 20. fxg4 Qxg4 21. Bg5 Rf8 22. Kh2 1-0

[Event "Giessen-ch"]
[Site "Giessen"]
[Date "2008.03.14"]
[Round "4"]
[White "Rudolph, Peter"]
[Black "Schmieja, Norbert"]
[Result "1-0"]
[WhiteElo "2172"]
[BlackElo "1760"]
[PlyCount "71"]
[EventDate "2008.02.01"]
[EventType "swiss"]
[EventRounds "7"]
[EventCountry "GER"]
[SourceTitle "EXT 2010"]
[Source "ChessBase"]
[SourceDate "2010.11.25"]
[SourceVersion "1"]
[SourceVersionDate "2010.11.25"]
[SourceQuality "1"]

1. e4 c5 2. Nf3 d6 3. c4 Nc6 4. d4 cxd4 5. Nxd4 Nf6 6. Nc3 g6 7. h3 Bg7 8. Be3 0-0 9. Be2 a6 10. 0-0 Qc7 11. Rc1 Nxd4 12. Bxd4 Qd8 13. f4 b6 14. Bf3 Bb7 15. Qd2 Nd7 16. Nd5 Rc8 17. Rfe1 Bxd5 18. cxd5 a5 19. Bxg7 Kxg7 20. a3 Nc5 21. b4 axb4 22. axb4 Nd7 23. Rc6 Kg8 24. Rec1 Rb8 25. Bg4 b5 26. Bxd7 Qxd7 27. Rc7 Qd8 28. f5 Kg7 29. Qd4+ f6 30. Ra7 Re8 31. Rcc7 Kf7 32. Kh2 g5 33. Qf2 Rc8 34. Rd7 Qxd7 35. Rxd7 Rc4 36. Qe2 1-0